A Course in Business Statistics (Record no. 3722)

MARC details
005 - DATE AND TIME OF LATEST TRANSACTION
control field 20250625053729.0
020 ## - INTERNATIONAL STANDARD BOOK NUMBER
International Standard Book Number 0131536277
082 ## - DEWEY DECIMAL CLASSIFICATION NUMBER
Classification number 519.5COU
100 ## - MAIN ENTRY--PERSONAL NAME
Author name GROEBNER. F. D
245 ## - TITLE STATEMENT
Title A Course in Business Statistics
250 ## - EDITION STATEMENT
Edition statement 4end Ed.
260 ## - PUBLICATION, DISTRIBUTION, ETC.
Place of publication, distribution, etc. USA
Name of publisher, distributor, etc. GROEBNER. F. D
Date of publication, distribution, etc. 2002,2006
300 ## - PHYSICAL DESCRIPTION
Extent XXX, 656, ill, table, figure,
Other physical details Appendices, Index
Dimensions 27.5cm
700 ## - ADDED ENTRY--PERSONAL NAME
Other authors/Editors SHANNON. W. P, FRY. C. P, SMITH. D. K
942 ## - ADDED ENTRY ELEMENTS (KOHA)
Source of classification or shelving scheme Dewey Decimal Classification
Koha item type Books
Holdings
Date last seen Total checkouts Full call number Barcode Cost, replacement price Price effective from Koha item type Lost status Source of classification or shelving scheme Damaged status Not for loan Withdrawn status Home library Current library Date acquired Cost, normal purchase price Shelving location
06/11/2025   519.5COU DOM000794 165000.00 06/11/2025 Books   Dewey Decimal Classification       CBE Dodoma CBE Dodoma 05/26/2016 55000.00  
06/25/2025   519.5COU DOM0003764 165000.00 06/11/2025 Books   Dewey Decimal Classification       CBE Dodoma CBE Dodoma 05/26/2016 55000.00 General Collection